| 000 | 00645nam a2200241 u 4500 | ||
|---|---|---|---|
| 001 | 000061617 | ||
| 005 | 20200120224101.0 | ||
| 008 | 140705s2012 ck gr| 000 0 spa d | ||
| 020 | _a9789584233134 | ||
| 020 | _a9584233130 | ||
| 041 | 0 | _aLspa | |
| 043 | _ac-k---- | ||
| 090 |
_aAN _bRESL 2012 |
||
| 100 | 1 |
_aRestrepo, Laura, _d1950- |
|
| 245 | 1 | 0 |
_aDelirio / _cLaura Restrepo. |
| 250 | _a1a. ed. | ||
| 260 |
_aBogotá : _bPlaneta, _c2012. |
||
| 300 |
_a311 p. ; _c20 cm. |
||
| 490 | 0 | _aGrandes éxitos | |
| 650 | 1 | 7 |
_aNovela colombiana. _ySiglo XX _2LEMV |
| 650 | 2 | 7 |
_aLocura _xNovela _2LEMV |
| 650 | 2 | 7 |
_aNarcotrafico _xNovela _zColombia _2LEMV |
| 999 |
_c7938 _d7938 |
||